<?xml version="1.0" encoding="UTF-8"?>
<collection xmlns="http://www.loc.gov/MARC21/slim">
  <record>
    <leader>00000nam  2200000   4500</leader>
    <controlfield tag="001">INLIS000000000020057</controlfield>
    <controlfield tag="005">20250519120645</controlfield>
    <datafield tag="035" ind1="#" ind2="#">
      <subfield code="a">0010-0525000140</subfield>
    </datafield>
    <controlfield tag="007">ta</controlfield>
    <controlfield tag="008">250519################|##########|#|##</controlfield>
    <datafield tag="084" ind1="#" ind2="#">
      <subfield code="a">R 0065 PKN II 2024</subfield>
    </datafield>
    <datafield tag="100" ind1=" " ind2="#">
      <subfield code="a">Tamrin Toha</subfield>
    </datafield>
    <datafield tag="245" ind1="1" ind2="#">
      <subfield code="a">Strategi Peningkatan Aksesibilitas Layanan Pendidikan Non Formal Yang Maju,Transparan, Akuntabel, Dan Partisipatif (Swalayan PNP Mantap) /</subfield>
      <subfield code="c">Tamrin Toha</subfield>
    </datafield>
    <datafield tag="250" ind1="#" ind2="#">
      <subfield code="a">1</subfield>
    </datafield>
    <datafield tag="260" ind1="#" ind2="#">
      <subfield code="a">Jakarta :</subfield>
      <subfield code="b">Pusbangkom Pimnas,</subfield>
      <subfield code="c">2024</subfield>
    </datafield>
    <datafield tag="300" ind1="#" ind2="#">
      <subfield code="a">80 :</subfield>
      <subfield code="b">ilus ;</subfield>
      <subfield code="c">29 x 21 x 0,5</subfield>
    </datafield>
    <datafield tag="650" ind1="#" ind2="4">
      <subfield code="a">Layanan</subfield>
    </datafield>
    <datafield tag="520" ind1="#" ind2="#">
      <subfield code="a">Proyek Perubahan ini bertujuan untuk melaksanakan pendataan dan pemetaan kebutuhan&#13;
Pendidikan Nonformal dengan menggunakan aplikasi Siaplah dalam program Swalayan&#13;
PNF Mantap, mengidentifkasi potensi d aerah yang dapat diberdayakan dalam rangka&#13;
optimalisasi pendidikan nonformal, melaksanakan serta merencanakan strategi peningkatan&#13;
aksesibilitas layanan Pendidikan Nonformal.&#13;
Adapun outcome dari proyek perubahan ini adalah terlaksananya peningkatan aksesibilitas&#13;
Layanan Pendidikan Nonformal, mengurangi kesenjangan Pendidikan, meningkatkan&#13;
keterampilan serta mendorong pengembangan potensi lokal dan pemberdayaan masyarakat&#13;
menekan angka putus sekolah serta meningkatkan Indeks Pembangunan Manusia Kota&#13;
Tarakan.&#13;
Pelaksanaan proyek perubahan ini telah merealisasikan target jangka pendek dan sebagian&#13;
menggeser target jangka menengah ke jangka pendek meliputi pembahasan rancangan&#13;
Peraturan Walikota Tarakan tentang Pedoman Penyelenggaraan Pendidikan Nonformal di&#13;
Daerah dan Penyusunan Blue Print Strategi Peningkatan aksesibilitas Layanan Pendidikan&#13;
Nonformal yang Maju, Akuntabel, Transparan dan Partisipatif serta pembaharuan wesite&#13;
Dinas Pendidikan Kota Tarakan.&#13;
Penggunaan aplikasi siaplah untuk verifikasi data sekunder di lapangan yang baru mencapai&#13;
5 % akan terus berjalan dengan melibatkan RT, Guru dan Dasawisma di setiap Kelurahan&#13;
sampai data anak putus sekolah yang bersumber dari verval Kemendikbudristek dapat&#13;
ditelusuri.&#13;
Pelaksanaan proyek perubahan ini setelah dilakukan survei ke masyarakat menunjukkan&#13;
angka cukup yakin mencapai 23 %, yakin dan sangat yakin dengan program digitalisasi&#13;
mencapai 74,1 % dapat bermanfaat kepada masyarakat.</subfield>
    </datafield>
    <datafield tag="856" ind1="#" ind2="#">
      <subfield code="a">Perpustakaan Pusat LAN</subfield>
    </datafield>
    <datafield tag="990" ind1="#" ind2="#">
      <subfield code="a">2024/1.2,2/A/0065</subfield>
    </datafield>
  </record>
</collection>
